|
|
|
|
| LEADER |
00000nam a2200000 a 4500 |
| 001 |
vtls008160046 |
| 003 |
SK-MaSNL |
| 005 |
20260301015753.0 |
| 008 |
240314s2005 xo dl d 000 0 slo |
| 015 |
|
|
|a SNBA2005/11-04668
|
| 020 |
|
|
|a 8080750629
|q (brož.)
|
| 035 |
|
|
|a urn:nbn:sk:snk-am00b7d7
|
| 035 |
|
|
|a urn:nbn:sk:snk-am3h7ka
|
| 035 |
|
|
|a 44357052-D15E-4804-96F8-0B3876E4ABFD
|
| 040 |
|
|
|a SNK
|b slo
|c SNK
|e AACR2
|
| 041 |
0 |
|
|a slo
|
| 072 |
|
7 |
|a 613.7
|x Zdravie a hygiena voľného času, rekreácie a spánku
|2 konspekt
|
| 080 |
|
|
|a 613.71/.73
|2 MDT-MRF
|
| 080 |
|
|
|a 316.728
|2 MDT-MRF
|
| 080 |
|
|
|a 378.011.3-052
|2 MDT-MRF
|
| 080 |
|
|
|a (048.8)
|2 MDT-MRF
|
| 080 |
|
|
|a 613/614
|2 MDT-MRF
|
| 100 |
1 |
|
|a Broska, Ernest
|4 aut
|9 306108
|
| 245 |
1 |
0 |
|a Pohybová aktivita a zdravie vysokoškolákov
|c Ernest Broska
|
| 250 |
|
|
|a [1. vyd.]
|
| 260 |
|
|
|a Trenčín
|b TnUAD
|c 2005
|
| 300 |
|
|
|a 80 s.
|b grafy, tab.
|c 21 cm
|
| 504 |
|
|
|a Bibliogr. s. 73-78
|
| 506 |
|
|
|a 100 výtl.
|
| 650 |
0 |
7 |
|a podpora zdravia
|2 SNKPH
|9 4985
|
| 650 |
0 |
7 |
|a pohybová aktivita
|2 SNKPH
|9 3607
|
| 650 |
0 |
7 |
|a životný štýl
|2 SNKPH
|9 1704
|
| 650 |
0 |
7 |
|a vysokoškolskí študenti
|2 SNKPH
|9 3981
|
| 655 |
|
7 |
|a monografie
|2 SNKPH
|9 70139
|
| 919 |
|
|
|a 80-8075-052-9
|
| 958 |
|
|
|a OND
|
| 968 |
|
|
|d 61
|
| 999 |
|
|
|c 561479
|d 563409
|
| 952 |
|
|
|a SNK
|b SNK
|y PREZ
|7 0
|p 17A0472473
|o snkSC 120407
|i snk2005/10210
|8 0
|0 0
|1 0
|4 0
|d 2005-06-14
|f 1
|l 0
|r 2025-05-29 00:00:00
|w 2026-02-23
|
| 952 |
|
|
|a SNK
|b SNK
|y VYP
|7 0
|p 17A0472474
|o snkSC 120407 D1
|i snk2005/10211
|8 0
|0 0
|1 0
|4 0
|d 2005-06-14
|l 0
|r 2026-02-23 13:44:39
|w 2026-02-23
|